Online
Catalog

Kennedy & Nixon : (Record no. 5497)

MARC details
000 -CABECERA
campo de control de longitud fija 00737cam a2200217 a 4500
001 - NÚMERO DE CONTROL
campo de control 000005701
005 - FECHA Y HORA DE LA ÚLTIMA TRANSACCIÓN
campo de control 20200929151742.0
008 - DATOS DE LONGITUD FIJA--INFORMACIÓN GENERAL
campo de control de longitud fija 960322s1996 nyua b 001 0deng
020 ## - NÚMERO INTERNACIONAL ESTÁNDAR DEL LIBRO
Número Internacional Estándar del Libro 0684810301
040 ## - FUENTE DE LA CATALOGACIÓN
Centro catalogador/agencia de origen DO-SdBNP
Centro/agencia transcriptor DLC
Centro/agencia modificador DLC
082 ## - NÚMERO DE LA CLASIFICACIÓN DECIMAL DEWEY
Número de clasificación 320.973
Número de documento/Ítem M438k
100 1# - ENTRADA PRINCIPAL--NOMBRE DE PERSONA
Nombre de persona Matthews, Christopher,
Fechas asociadas al nombre 1945-
9 (RLIN) 16099
245 10 - MENCIÓN DE TÍTULO
Título Kennedy & Nixon :
Resto del título the rivalry that shaped postwar America /
Mención de responsabilidad, etc. Christopher Matthews.
246 3# - FORMA VARIANTE DE TÍTULO
Título propio/Titulo breve Kennedy and Nixon.
260 ## - PUBLICACIÓN, DISTRIBUCIÓN, ETC.
Lugar de publicación, distribución, etc. New York :
Nombre del editor, distribuidor, etc. Simon & Schuster,
Fecha de publicación, distribución, etc. 1996.
300 ## - DESCRIPCIÓN FÍSICA
Extensión 377 p. :
Otras características físicas il. ;
Dimensiones 25 cm.
504 ## - NOTA DE BIBLIOGRAFÍA, ETC.
Nota de bibliografía, etc. Incluye bibliografía.
651 #4 - PUNTO DE ACCESO ADICIONAL DE MATERIA--NOMBRE GEOGRÁFICO
Nombre geográfico Estados Unidos
Subdivisión general Polìtica Y Gobierno
Subdivisión cronológica 1961-1963
9 (RLIN) 12445
650 #4 - PUNTO DE ACCESO ADICIONAL DE MATERIA--TÉRMINO DE MATERIA
Término de materia o nombre geográfico como elemento de entrada Presidentes
Subdivisión geográfica Estados Unidos
9 (RLIN) 16100
910 ## - DATOS DE OPCIÓN DEL USUARIO (OCLC)
Datos de opción del usuario Catalogación por copia / LC
Holdings
Estado de retiro Estado de pérdida Restricciones de uso No para préstamo Código de colección Localización permanente Ubicación/localización actual Ubicación en estantería Fecha de adquisición Número de inventario Total de préstamos Signatura topográfica completa Código de barras Fecha visto por última vez Precio válido a partir de Tipo de ítem Koha
    Préstamo interno   Monografías: Libros y Folletos General General En catalogación 21.08.2009 LF1   320.973 M438k 5701-10 25.06.2020 25.06.2020 Préstamo interno

Powered by Koha